| 000 | 00841nas a2200289 4500 | ||
|---|---|---|---|
| 001 | BR2013004669 | ||
| 003 | BR-BrBNA | ||
| 005 | 20231205122451.0 | ||
| 007 | ta | ||
| 008 | 230509b bl.|||p| |||| 00| 00por d | ||
| 040 |
_aBR-BrBNA _bpor _cBiblioteca Nacional de Agricultura |
||
| 041 | _a(Pt) | ||
| 072 | _aF30; F63 | ||
| 100 | 1 | _aBrugnara, E.C. | |
| 100 | 1 | _aWittmann, M.T.S. | |
| 100 | 1 | _aWeiler, R.L. | |
| 100 | 1 | _aSchwarz, S.F. | |
| 245 | 1 | _aPloidia e fertilidade de pólen em progênies de citros | |
| 650 | _aTANGERINA | ||
| 650 | _aPÓLEN | ||
| 650 | _aFERTILIDADE | ||
| 650 | _aCRUZAMENTO VEGETAL | ||
| 650 | _aMELHORAMENTO GENÉTICO VEGETAL | ||
| 773 | 0 |
_tBragantia (Brazil) _xISSN 0006-8705 _g(Jul-Sep 2008), v. 67(3) p. 599-602 _wBR2013004669 |
|
| 909 |
_a202311 _bLúcia _c55 _dLúcia Elande |
||
| 942 |
_2AGRIS _n0 _cANA |
||
| 999 |
_c228799 _d228799 |
||